000 00783nas a2200241 4500
001 BR8001757
003 BR-BrBNA
005 20231205084244.0
007 ta
008 230509b bl.|||p| |||| 00| 00por d
040 _aBR-BrBNA
_bpor
_cBiblioteca Nacional de Agricultura
041 _a(Pt)
072 _aF21
100 1 _aEscuder, A.M.Q. de
245 1 _aA inoculacao de leguminosas forrageiras: seu fundamento e pratica [Rhizobium]
650 _aBiologia do solo
650 _aLeguminosa forrageira
650 _aRhizobium
650 _aSimbiose
773 0 _tInforme Agropecuario - Empresa de Pesquisa Agropecuaria de Minas Gerais (Brazil)
_xISSN 0100-3364
_g(Nov 1980), v. 6(71) p. 30-31
_wBR8001757
909 _a202311
_bLúcia
_c55
_dLúcia Elande
942 _2AGRIS
_n0
_cANA
999 _c104070
_d104070